Focus (Record no. 77356)

MARC details
000 -LEADER
fixed length control field 01001cab a2200277 4500
001 - CONTROL NUMBER
control field ##L134074
008 - FIXED-LENGTH DATA ELEMENTS--GENERAL INFORMATION
fixed length control field 060706n2006 000 0 eng u
035 ## - SYSTEM CONTROL NUMBER
System control number (Sirsi) u134074
041 0# - LANGUAGE CODE
Language code of text/sound track or separate title eng
100 1# - MAIN ENTRY--PERSONAL NAME
Personal name Cunningham, Daniel
245 00 - TITLE STATEMENT
Title Focus
Remainder of title London and north boroughs
260 ## - PUBLICATION, DISTRIBUTION, ETC.
Date of publication, distribution, etc. 2006
490 #0 - SERIES STATEMENT
Series statement Estates Gazette
Volume/sequential designation (0626) 1 July 2006, 113-143(10)
520 ## - SUMMARY, ETC.
Summary, etc. Looks at a mixed-use scheme around Wembley Stadium in Brent anchored by a supercasino; several residential redevelopments in Highbury and Islington, including at Arsenal FC's former ground; and Camden's inability to attract office or retail-led schemes even with the booming office development on its borders.
590 ## - LOCAL NOTE (RLIN)
Local note IKA180706
651 #4 - SUBJECT ADDED ENTRY--GEOGRAPHIC NAME
Geographic name NORTH LONDON
651 #4 - SUBJECT ADDED ENTRY--GEOGRAPHIC NAME
Geographic name BRENT
651 #4 - SUBJECT ADDED ENTRY--GEOGRAPHIC NAME
Geographic name WEMBLEY
651 #4 - SUBJECT ADDED ENTRY--GEOGRAPHIC NAME
Geographic name HIGHBURY AND ISLINGTON
651 #4 - SUBJECT ADDED ENTRY--GEOGRAPHIC NAME
Geographic name CAMDEN
690 ## - LOCAL SUBJECT ADDED ENTRY--TOPICAL TERM (OCLC, RLIN)
Topical term or geographic name as entry element PROPERTY-PROPERTY DEVELOPMENT
700 1# - ADDED ENTRY--PERSONAL NAME
Personal name Meadwell, Stacey
700 1# - ADDED ENTRY--PERSONAL NAME
Personal name Taylor, Andrew
700 1# - ADDED ENTRY--PERSONAL NAME
Personal name Elghamry, Nadia
942 ## - ADDED ENTRY ELEMENTS (KOHA)
Suppress in OPAC 0
Holdings
Withdrawn status Lost status Source of classification or shelving scheme Damaged status Not for loan Home library Current library Shelving location Date acquired Total Checkouts Full call number Barcode Date last seen Copy number Price effective from Koha item type
    Dewey Decimal Classification     London London Journal article 06/07/2006   L134074 134074-1001 06/08/2019 1 06/08/2019 Journal article